| 000 | 00391nam a22001457a 4500 | ||
|---|---|---|---|
| 005 | 20231030084412.0 | ||
| 008 | 231030b |||||||| |||| 00| 0 eng d | ||
| 041 | _aEnglish | ||
| 082 | _a657 ATT | ||
| 100 |
_aFaris, Vincent _lEnglish |
||
| 245 |
_aAttorneys Account / _cV Faris |
||
| 300 |
_b24 pages ; _c31 cm. |
||
| 650 |
_alegal practice _bLaw |
||
| 942 |
_cBK _6ALISON_BN_VRIES |
||
| 999 |
_c128 _d128 |
||